Las ruinas del extranjero / (Registro nro. 7328)

Detalles MARC
000 -LEADER
fixed length control field 01392nam a22002897a 4500
003 - CONTROL NUMBER IDENTIFIER
control field OSt
005 - DATE AND TIME OF LATEST TRANSACTION
control field 20210225140112.0
008 - FIXED-LENGTH DATA ELEMENTS--GENERAL INFORMATION
fixed length control field 210225s2019 ck a|||er|||| 00| 0dspa d
020 ## - INTERNATIONAL STANDARD BOOK NUMBER
International Standard Book Number 9789585481657
040 ## - CATALOGING SOURCE
Original cataloging agency CO-JMCR
Transcribing agency CO-JMCR
041 0# - LANGUAGE CODE
Language code of text/sound track or separate title spa
082 04 - DEWEY DECIMAL CLASSIFICATION NUMBER
Classification number N /
Item number GUEr
Edition number 23
100 1# - MAIN ENTRY--PERSONAL NAME
Personal name Guerrero Melo, Germán Rodrigo,
Relator term autor
9 (RLIN) 13940
245 14 - TITLE STATEMENT
Title Las ruinas del extranjero /
Statement of responsibility, etc. Rodrigo Guerrero
250 ## - EDITION STATEMENT
Edition statement Primera edición
260 ## - PUBLICATION, DISTRIBUTION, ETC.
Place of publication, distribution, etc. Bogotá :
Name of publisher, distributor, etc. Calixta Editores,
Date of publication, distribution, etc. 2019
300 ## - PHYSICAL DESCRIPTION
Extent 137 páginas :
Other physical details ilustraciones a blanco y negro ;
Dimensions 21 cm.
490 0# - SERIES STATEMENT
Series statement Melquiades
500 ## - GENERAL NOTE
General note Incluye fotografía y datos biográficos del autor.
520 3# - SUMMARY, ETC.
Summary, etc. Las ruinas del extranjero nos presenta un lugar que ya no existe. Un hombre tras las huellas de su padre, que se ha convertido en un rastro borrado por el tiempo. Recuerdos sin final, memorias imprecisas entre el delirio, la imaginación y la realidad. Pensamientos y reflexiones de un ser perdido, enfermo e invisible entre los resquicios de la existencia, aplastado por el paso del tiempo, la incomprensión y el mundo contemporáneo.
650 14 - SUBJECT ADDED ENTRY--TOPICAL TERM
Topical term or geographic name entry element Novela colombiana
Chronological subdivision Siglo XXI
9 (RLIN) 10010
650 14 - SUBJECT ADDED ENTRY--TOPICAL TERM
Topical term or geographic name entry element Literatura colombiana
Chronological subdivision Siglo XXI
9 (RLIN) 13941
650 24 - SUBJECT ADDED ENTRY--TOPICAL TERM
Topical term or geographic name entry element Recuerdos en la literatura
9 (RLIN) 13942
650 24 - SUBJECT ADDED ENTRY--TOPICAL TERM
Topical term or geographic name entry element Viajes en la literatura
9 (RLIN) 10007
650 24 - SUBJECT ADDED ENTRY--TOPICAL TERM
Topical term or geographic name entry element Imaginación en la literatura
9 (RLIN) 13943
942 ## - ADDED ENTRY ELEMENTS (KOHA)
Source of classification or shelving scheme Dewey Decimal Classification
Koha item type Books

No hay ítems disponibles.